[Event "Kandidatklassen"]
[Site "Aalborg"]
[Date "2000.??.??"]
[Round "?"]
[White "Pedersen, Nicolai Vesterbaek"]
[Black "Palo, Davor"]
[Result "1/2-1/2"]
[WhiteElo "2352"]
[BlackElo "2163"]
[PlyCount "135"]
[EventDate "2000.??.??"]
[EventType "swiss"]
[EventRounds "7"]
[EventCountry "DEN"]
[SourceTitle "EXT 2001"]
[Source "ChessBase"]
[SourceDate "2000.11.22"]

1. d4 Nf6 2. c4 e6 3. Nc3 Bb4 4. g3 O-O 5. Bg2 d5 6. Nf3 c5 7. cxd5 Nxd5 8. Bd2
cxd4 9. Nxd5 Bxd2+ 10. Qxd2 Qxd5 11. Qxd4 Nc6 12. Qc3 e5 13. O-O Bg4 14. Ng5
Qd4 15. Qc2 g6 16. Rfd1 Qb6 17. Bxc6 Qxc6 18. Qxc6 bxc6 19. f3 h6 20. Ne4 Bf5
21. Nc5 Rad8 22. Rac1 a5 23. Kf2 Rb8 24. b3 Rfc8 25. g4 Be6 26. Rd6 Kf8 27.
Nxe6+ Ke7 28. Rdxc6 Rxc6 29. Rxc6 fxe6 30. Rc5 a4 31. bxa4 Rb4 32. Ra5 Kf6 33.
Ra8 g5 34. a5 e4 35. a6 Ra4 36. a7 Ke5 37. Ke1 Rxa2 38. Kd1 exf3 39. exf3 Ra1+
40. Kc2 Ra2+ 41. Kc3 Ra4 42. Kb3 Ra6 43. Kb4 Ra1 44. Kb5 Rb1+ 45. Kc6 Ra1 46.
Kd7 Kd4 47. Kxe6 Ke3 48. Rf8 Rxa7 49. Rf6 Kf2 50. h3 Kg3 51. Kf5 Ra5+ 52. Kg6
Kxh3 53. Kxh6 Kh4 54. Kg6 Ra3 55. Rf5 Ra6+ 56. Kf7 Ra7+ 57. Ke6 Ra6+ 58. Ke5
Ra5+ 59. Ke4 Ra4+ 60. Ke5 Ra5+ 61. Kf6 Ra6+ 62. Kg7 Ra7+ 63. Kg6 Ra6+ 64. Rf6
Ra3 65. f4 gxf4 66. Rxf4 Ra6+ 67. Kf5 Ra5+ 68. Kg6 1/2-1/2

[Event "Kandidatklassen"]
[Site "Aalborg"]
[Date "2000.??.??"]
[Round "?"]
[White "Pedersen, Nicolai Vesterbaek"]
[Black "Rasmussen, Allan Stig"]
[Result "1/2-1/2"]
[WhiteElo "2352"]
[BlackElo "2164"]
[PlyCount "69"]
[EventDate "2000.??.??"]
[EventType "swiss"]
[EventRounds "7"]
[EventCountry "DEN"]
[SourceTitle "EXT 2001"]
[Source "ChessBase"]
[SourceDate "2000.11.22"]

1. d4 f5 2. g3 Nf6 3. Bg2 e6 4. Nh3 Be7 5. c4 O-O 6. Nc3 d6 7. O-O e5 8. dxe5
dxe5 9. e4 c6 10. Qe2 fxe4 11. Nxe4 Nxe4 12. Bxe4 h6 13. Kg2 Qd4 14. Rd1 Bxh3+
15. Kxh3 Qxf2 16. Qg4 Qf6 17. Be3 Na6 18. Rf1 Qxf1+ 19. Rxf1 Rxf1 20. Qd7 Nc5
21. Qxe7 Nxe4 22. Qxb7 Rff8 23. Qxc6 Nf6 24. Qe6+ Rf7 25. c5 Re8 26. Qc6 Rd8
27. Qe6 Nd5 28. c6 Nc7 29. Qxe5 Re8 30. Qd4 a6 31. Qd3 Re6 32. Qd8+ Kh7 33.
Qd3+ Kg8 34. Qd8+ Kh7 35. Qd3+ 1/2-1/2

[Event "Kandidatklassen"]
[Site "Aalborg"]
[Date "2000.??.??"]
[Round "?"]
[White "Pedersen, Nicolai Vesterbaek"]
[Black "Lund, Silas"]
[Result "1-0"]
[WhiteElo "2352"]
[BlackElo "2250"]
[PlyCount "57"]
[EventDate "2000.??.??"]
[EventType "swiss"]
[EventRounds "7"]
[EventCountry "DEN"]
[SourceTitle "EXT 2001"]
[Source "ChessBase"]
[SourceDate "2000.11.22"]

1. d4 Nf6 2. c4 e6 3. Nc3 Bb4 4. Qb3 c5 5. dxc5 Nc6 6. Nf3 Ne4 7. Bd2 Nxd2 8.
Nxd2 O-O 9. e3 f5 10. Nf3 Bxc5 11. Be2 b6 12. Rd1 Bb7 13. O-O Qe7 14. Na4 Rad8
15. Nxc5 Qxc5 16. Qc3 Qe7 17. Rd2 d6 18. Rfd1 Rd7 19. b4 Rfd8 20. a4 Qf6 21.
Nd4 Nxd4 22. Rxd4 Bc6 23. a5 e5 24. R4d2 Qg5 25. Bf1 f4 26. b5 Bxg2 27. exf4
exf4 28. Bxg2 Rf8 29. Qf3 1-0

[Event "Kandidatklassen"]
[Site "Aalborg"]
[Date "2000.??.??"]
[Round "?"]
[White "Rasmussen, Allan Stig"]
[Black "Lindfeldt, Jan Magnus"]
[Result "0-1"]
[WhiteElo "2164"]
[BlackElo "2287"]
[PlyCount "42"]
[EventDate "2000.??.??"]
[EventType "swiss"]
[EventRounds "7"]
[EventCountry "DEN"]
[SourceTitle "EXT 2001"]
[Source "ChessBase"]
[SourceDate "2000.11.22"]

1. e4 g6 2. f4 d5 3. exd5 Qxd5 4. Nc3 Qa5 5. Qe2 Bg7 6. Ne4 Bf5 7. c3 Nc6 8.
Nf3 O-O-O 9. g3 e5 10. fxe5 Nxe5 11. Nxe5 Qxe5 12. d3 Nf6 13. Bg2 Bg4 14. Qc2
Nxe4 15. dxe4 Rd1+ 16. Kf2 Rhd8 17. Rxd1 Bxd1 18. Qb1 Qc5+ 19. Kf1 Bg4 20. Bf4
g5 21. h3 Rd1+ 0-1

[Event "Kandidatklassen"]
[Site "Aalborg"]
[Date "2000.??.??"]
[Round "?"]
[White "Rasmussen, Allan Stig"]
[Black "Nielsen, Poul Erik"]
[Result "1-0"]
[WhiteElo "2164"]
[BlackElo "2232"]
[PlyCount "97"]
[EventDate "2000.??.??"]
[EventType "swiss"]
[EventRounds "7"]
[EventCountry "DEN"]
[SourceTitle "EXT 2001"]
[Source "ChessBase"]
[SourceDate "2000.11.22"]

1. e4 g6 2. f4 d5 3. exd5 Qxd5 4. Nc3 Qa5 5. Nf3 Bg7 6. Qe2 c6 7. Ne5 Nh6 8. d4
O-O 9. Be3 Na6 10. h3 Nf5 11. Bf2 Nd6 12. g4 Be6 13. Nxc6 bxc6 14. Qxa6 Qb4 15.
Qa3 Qxa3 16. bxa3 c5 17. O-O-O cxd4 18. Bxd4 Rfc8 19. Bg2 Rab8 20. Nd5 Bxd5 21.
Bxd5 Nb5 22. Bxg7 Nxa3 23. Bc3 Rxc3 24. Bb3 Rbc8 25. Kb2 Nb5 26. Rd7 R8c7 27.
Rxc7 Rxc7 28. Rd1 Kg7 29. a4 Nd6 30. Rd4 h6 31. Bd5 g5 32. f5 Kf6 33. Bg2 Rc4
34. c3 Ke5 35. Rd5+ Kf4 36. f6 Nc8 37. fxe7 Nxe7 38. Rd7 Ng6 39. Rxa7 Kg3 40.
Bd5 Rf4 41. a5 Ne5 42. Kb3 Rf1 43. Re7 f6 44. a6 Rb1+ 45. Kc2 Ra1 46. a7 Kxh3
47. a8=Q Rxa8 48. Bxa8 Kxg4 49. c4 1-0

[Event "Kandidatklassen"]
[Site "Aalborg"]
[Date "2000.??.??"]
[Round "?"]
[White "Rasmussen, Allan Stig"]
[Black "Jakobsen, Lars Veno"]
[Result "0-1"]
[WhiteElo "2164"]
[BlackElo "2360"]
[PlyCount "62"]
[EventDate "2000.??.??"]
[EventType "swiss"]
[EventRounds "7"]
[EventCountry "DEN"]
[SourceTitle "EXT 2001"]
[Source "ChessBase"]
[SourceDate "2000.11.22"]

1. e4 c5 2. f4 e6 3. e5 d6 4. exd6 Bxd6 5. g3 Nf6 6. Bg2 O-O 7. Nf3 Bd7 8. O-O
Bc6 9. d3 Nbd7 10. Nbd2 b5 11. Qe2 Re8 12. Ne4 Nxe4 13. dxe4 e5 14. f5 Nf6 15.
Nd2 c4 16. g4 h6 17. h4 Nh7 18. Nf3 Be7 19. Rd1 Qb6+ 20. Kh1 Bc5 21. g5 h5 22.
Nd2 g6 23. Bf3 Rad8 24. Rf1 Nf8 25. a4 a6 26. fxg6 fxg6 27. c3 Qb7 28. b3 Ne6
29. bxc4 Nf4 30. Qh2 bxa4 31. Be2 Rxd2 0-1

[Event "Kandidatklassen"]
[Site "Aalborg"]
[Date "2000.??.??"]
[Round "?"]
[White "Rasmussen, Allan Stig"]
[Black "Larsen, Peter"]
[Result "1-0"]
[WhiteElo "2164"]
[BlackElo "2294"]
[PlyCount "91"]
[EventDate "2000.??.??"]
[EventType "swiss"]
[EventRounds "7"]
[EventCountry "DEN"]
[SourceTitle "EXT 2001"]
[Source "ChessBase"]
[SourceDate "2000.11.22"]

1. e4 c5 2. f4 e6 3. e5 d5 4. exd6 Bxd6 5. g3 Bd7 6. Bg2 Bc6 7. Nf3 Nf6 8. O-O
O-O 9. d3 Nbd7 10. Nbd2 b5 11. Qe2 Qb6 12. Kh1 Rfd8 13. b3 Qb7 14. Bb2 Bf8 15.
Rae1 a5 16. Ne4 Nxe4 17. dxe4 b4 18. Nd2 Be7 19. Nc4 Bf6 20. Nd6 Qa6 21. e5
Qxe2 22. Rxe2 Bxg2+ 23. Kxg2 Be7 24. Nc4 Nb8 25. Rd2 Rxd2+ 26. Nxd2 a4 27. Nc4
axb3 28. axb3 Nc6 29. Rd1 g5 30. Kf3 Ra7 31. Ke4 h5 32. f5 exf5+ 33. Kxf5 Nd8
34. Ne3 Ra2 35. Nc4 Ne6 36. h3 Kf8 37. Ra1 Rxa1 38. Bxa1 Kg7 39. Ne3 Kh6 40.
Nd5 Bf8 41. Kf6 Nd8 42. Ne3 h4 43. Nf5+ Kh7 44. g4 c4 45. bxc4 Bc5 46. Bd4 1-0

[Event "Kandidatklassen"]
[Site "Aalborg"]
[Date "2000.??.??"]
[Round "?"]
[White "Skytte, Rasmus"]
[Black "Pedersen, Daniel Vesterbaek"]
[Result "1/2-1/2"]
[WhiteElo "2346"]
[BlackElo "2297"]
[PlyCount "24"]
[EventDate "2000.??.??"]
[EventType "swiss"]
[EventRounds "7"]
[EventCountry "DEN"]
[SourceTitle "EXT 2001"]
[Source "ChessBase"]
[SourceDate "2000.11.22"]

1. e4 c6 2. d4 d5 3. exd5 cxd5 4. c4 Nf6 5. Nc3 Nc6 6. Bg5 Qa5 7. a3 Ne4 8.
cxd5 Nxc3 9. bxc3 Qxd5 10. Nf3 Bg4 11. Be3 Bxf3 12. gxf3 e6 1/2-1/2

[Event "Kandidatklassen"]
[Site "Aalborg"]
[Date "2000.??.??"]
[Round "?"]
[White "Skytte, Rasmus"]
[Black "Jakobsen, Lars Veno"]
[Result "1-0"]
[WhiteElo "2346"]
[BlackElo "2360"]
[PlyCount "79"]
[EventDate "2000.??.??"]
[EventType "swiss"]
[EventRounds "7"]
[EventCountry "DEN"]
[SourceTitle "EXT 2001"]
[Source "ChessBase"]
[SourceDate "2000.11.22"]

1. e4 c5 2. c3 Nf6 3. e5 Nd5 4. d4 cxd4 5. Nf3 e6 6. cxd4 b6 7. Bd3 Be7 8. O-O
O-O 9. Nc3 Nxc3 10. bxc3 Qc7 11. Ng5 Bxg5 12. Bxg5 Ba6 13. c4 f5 14. exf6 g6
15. Qc2 Kf7 16. d5 e5 17. Rae1 d6 18. f4 Nd7 19. f5 Rg8 20. fxg6+ Rxg6 21.
Bxg6+ hxg6 22. Re4 Rh8 23. Be3 Nf8 24. Rg4 Bc8 25. Rg5 Rh4 26. Qf2 Rxc4 27. Qg3
Re4 28. Rc1 Rc4 29. Rf1 Re4 30. h4 Qc3 31. Rc1 Qxe3+ 32. Qxe3 Rxe3 33. Rxc8 Ra3
34. Rg4 Ra5 35. Rgc4 Rc5 36. R4xc5 bxc5 37. Rd8 c4 38. Rxd6 c3 39. Rc6 c2 40.
Rxc2 1-0

[Event "Kandidatklassen"]
[Site "Aalborg"]
[Date "2000.??.??"]
[Round "?"]
[White "Skytte, Rasmus"]
[Black "Borbjerggaard, Lars"]
[Result "1/2-1/2"]
[WhiteElo "2346"]
[BlackElo "2389"]
[PlyCount "38"]
[EventDate "2000.??.??"]
[EventType "swiss"]
[EventRounds "7"]
[EventCountry "DEN"]
[SourceTitle "EXT 2001"]
[Source "ChessBase"]
[SourceDate "2000.11.22"]

1. e4 c6 2. d4 d5 3. Nc3 dxe4 4. Nxe4 Bf5 5. Ng3 Bg6 6. h4 h6 7. Nh3 e6 8. Nf4
Bh7 9. Bc4 Nf6 10. O-O Nd5 11. Qg4 Nd7 12. Ngh5 N7f6 13. Nxf6+ Qxf6 14. Nxd5
exd5 15. Re1+ Kd8 16. Bb3 Bd6 17. c4 dxc4 18. Bxc4 Kc7 19. Re5 Rae8 1/2-1/2

[Event "Kandidatklassen"]
[Site "Aalborg"]
[Date "2000.??.??"]
[Round "?"]
[White "Sobjerg, Erik"]
[Black "Skytte, Rasmus"]
[Result "1/2-1/2"]
[WhiteElo "2260"]
[BlackElo "2346"]
[PlyCount "45"]
[EventDate "2000.??.??"]
[EventType "swiss"]
[EventRounds "7"]
[EventCountry "DEN"]
[SourceTitle "EXT 2001"]
[Source "ChessBase"]
[SourceDate "2000.11.22"]

1. e4 c5 2. Nf3 Nc6 3. Nc3 e6 4. d4 cxd4 5. Nxd4 Qc7 6. f4 a6 7. Nxc6 Qxc6 8.
Bd3 Nf6 9. Qe2 Bb4 10. Bd2 d5 11. e5 Nd7 12. a3 Be7 13. O-O Nc5 14. b4 Nxd3 15.
cxd3 O-O 16. Rfc1 Bd7 17. Be3 Rac8 18. Qb2 b6 19. Ne2 Qb5 20. Qb3 a5 21. Nd4
Qa4 22. Qxa4 Bxa4 23. Kf2 1/2-1/2

[Event "Kandidatklassen"]
[Site "Aalborg"]
[Date "2000.??.??"]
[Round "?"]
[White "Sobjerg, Erik"]
[Black "Pedersen, Jan"]
[Result "1-0"]
[WhiteElo "2260"]
[BlackElo "2346"]
[PlyCount "91"]
[EventDate "2000.??.??"]
[EventType "swiss"]
[EventRounds "7"]
[EventCountry "DEN"]
[SourceTitle "EXT 2001"]
[Source "ChessBase"]
[SourceDate "2000.11.22"]

1. e4 e6 2. d4 d5 3. Nc3 Nf6 4. Bg5 Be7 5. e5 Nfd7 6. h4 h6 7. Bxe7 Qxe7 8. Qg4
O-O 9. f4 f5 10. Qg3 c5 11. Nf3 Nc6 12. Qf2 cxd4 13. Nxd4 Nc5 14. Bd3 Bd7 15.
O-O-O Nxd4 16. Qxd4 h5 17. Kb1 Rfc8 18. Rh3 Kf7 19. Rg3 g6 20. Rg5 a6 21. g4
hxg4 22. h5 Nxd3 23. hxg6+ Kg7 24. cxd3 Qc5 25. Qxc5 Rxc5 26. Ne2 Rh8 27. Ng3
d4 28. Nh5+ Rxh5 29. Rxh5 Kxg6 30. Rdh1 Bc6 31. Rg5+ Kf7 32. Rh7+ Kf8 33. Rc7
Rd5 34. Rgg7 Rd8 35. Kc2 Bd5 36. a3 Ra8 37. Kd2 Rb8 38. Ke2 Rd8 39. Kf2 Bc6 40.
Kg3 Bb5 41. Rgf7+ Kg8 42. Rg7+ Kf8 43. Kh4 Rc8 44. Rcf7+ Ke8 45. Kg5 Kd8 46.
Kf6 1-0

[Event "Kandidatklassen"]
[Site "Aalborg"]
[Date "2000.??.??"]
[Round "?"]
[White "Sobjerg, Erik"]
[Black "Nielsen, Simon Saito"]
[Result "1-0"]
[WhiteElo "2260"]
[BlackElo "2006"]
[PlyCount "51"]
[EventDate "2000.??.??"]
[EventType "swiss"]
[EventRounds "7"]
[EventCountry "DEN"]
[SourceTitle "EXT 2001"]
[Source "ChessBase"]
[SourceDate "2000.11.22"]

1. e4 c5 2. Nf3 d6 3. d4 cxd4 4. Nxd4 Nf6 5. Nc3 g6 6. Be3 Bg7 7. f3 O-O 8. Qd2
Nc6 9. Bc4 Bd7 10. h4 Ne5 11. Be2 Rc8 12. O-O-O Nc4 13. Bxc4 Rxc4 14. h5 Nxh5
15. g4 Nf6 16. Bh6 Bxh6 17. Qxh6 Rxc3 18. g5 Nh5 19. Rxh5 gxh5 20. Rh1 Rxc2+
21. Nxc2 e5 22. Rxh5 Re8 23. Qxh7+ Kf8 24. Qh8+ Ke7 25. Qf6+ Kf8 26. Rh8# 1-0